000 01411nam a2200325 c 4500
003 BLK
005 20180422104817.0
008 180408b bul|||||r ||||||| ||bul||
010 _aKNG00097863000
040 _aBLK
041 _aBUL
_cBUL
080 _aЦивилизация. Култура. Прогрес. История на културата вж 930.85
_b008
_x(497.2)
_z008(497.2)
080 _a
_b791.43/.45
_x(497.2)
_z791.43/.45(497.2)
100 1 _aМихайловска, Елена Василева
_eпърви автор
_9364931
139 _aМихайловска, Елена Василева
_bМ 74
245 1 0 _aНационалната културно-художествена традиция и българското кино
_bИзследване
_cЕлена Василева Михайловска.
257 _aBGR
260 София
_bНаука и изкуство
_c1985
_fПлевен : Ал. Пъшев
300 _a188 с.
_c22 см
380 _a0
500 _aБиблиогр. под линия
650 4 _aКултура - България
_9260250
650 4 _aКино, българско
_9268788
653 _aбългарско кино
852 _aЦб 136127
856 4 _qpdf
_u
856 4 _qpdf
_u
942 _cKNG
_n0
944 _aCR
_c08.11.2010
_lдобави в АБ / 05.11.2010
_kГеновева_Генчева
944 _aED
_c27.08.2015
_lдобави в АБ / 05.11.2010
_k
999 _c93074
_d93074